Get the Picture: Mario or Sonic Titles? Quiz Stats

 Plays Quiz Updated Mar 10, 2019

Score 0/20 Timer 03:00
4 Plays Today
Question Answer Wrong Answers
_____ Kart 64 (1996) Mario
94.5%
Sonic
1.1%
_____ Bros. (1985) Super Mario
94.3%
Sonic
1.4%
_____ and the Secret Rings (2007) Sonic
88.7%
Mario
6.9%
Dr. _____ (1990) Mario
85.6%
Sonic
10.4%
_____ Unleashed (2008) Sonic
84.6%
Mario
10.6%
_____ Forces (2017) Sonic
84.6%
Mario
11%
_____ Heroes (2003) Sonic
82.1%
Mario
13.9%
_____ Galaxy (2007) Super Mario
81.7%
Sonic
13.9%
_____ Power Tennis (2004) Mario
81.4%
Sonic
14.2%
_____ Maker (2015) Super Mario
80.3%
Sonic
15%
_____ Generations (2011) Sonic
78.8%
Mario
16.4%
_____ 3D World (2013) Super Mario
78.4%
Sonic
17.2%
_____ Odyssey (2017) Super Mario
77.8%
Sonic
17.8%
_____ Colors (2010) Sonic
76.4%
Mario
19%
_____ Mania (2017) Sonic
74.6%
Mario
20.6%
_____ Sunshine (2002) Super Mario
74.4%
Sonic
21.1%
_____ Sports Mix (2010) Mario
71.8%
Sonic
24%
_____ 3D Blast (1996) Sonic
70.1%
Mario
25.9%
_____ Lost World (2013) Sonic
69.7%
Mario
25.9%
_____ Racing Kart (2003) Sonic
37.3%
Mario
58.8%

Today's Daily Dose

You're not logged in!

Compare scores with friends on all Sporcle quizzes.
OR
Log In

Sporcle TV

Today on Sporcle TV


Watch our educational content, quiz creation guides, and fun videos on Sporcle TV.

Show Comments

Extras

Top Quizzes Today


Score Distribution

Your Account Isn't Verified!

In order to create a playlist on Sporcle, you need to verify the email address you used during registration. Go to your Sporcle Settings to finish the process.

Report this User

Report this user for behavior that violates our Community Guidelines.

Details: